The American promise: A history of the United States

Đã lưu trong:
書目詳細資料
主要作者: James L. Roark ... [et al.]
格式: 圖書
語言:Undetermined
出版: Boston, MA Bedford/ST. Martin's 2003
主題:
標簽: 添加標簽
沒有標簽, 成為第一個標記此記錄!
Thư viện lưu trữ: Trung tâm Học liệu Trường Đại học Cần Thơ
LEADER 00548nam a2200193Ia 4500
001 CTU_59069
008 210402s9999 xx 000 0 und d
082 |a 973 
082 |b A512/Vol.1 
100 |a James L. Roark ... [et al.] 
245 4 |a The American promise: A history of the United States 
245 0 |c James L. Roark ... [et al.] 
260 |a Boston, MA 
260 |b Bedford/ST. Martin's 
260 |c 2003 
650 |a united states 
650 |x history 
904 |i Minh 
980 |a Trung tâm Học liệu Trường Đại học Cần Thơ